00283nam a2200097Ia 4500008004100000041000800041100002500049245005600074260003600130999001900166241105s9999 xx 000 0 und d aeng aJadhao Pooja9182877 aDesign Intervention For Revaitaling The Brown Field bM Arch Digital BNCA, Punec2016 c361170d361170